Name all 41 Survivor seasons - Statistics

General Stats
  • This quiz has been taken 2,398 times
    1,615 since last reset
  • The average score is 30 of 41
Answer Stats
Hint Answer % Correct
#2 Survivor: The Australian Outback
95%
#1 Survivor: Borneo
94%
#3 Survivor: Africa
92%
#8 Survivor: All-Stars
87%
#15 Survivor: China
85%
#14 Survivor: Fiji
85%
#16 Survivor: Micronesia - Fans vs. Favorites
85%
#7 Survivor: Pearl Islands
83%
#5 Survivor: Thailand
81%
#27 Survivor: Blood vs Water
78%
#31 Survivor: Cambodia - Second Chances
78%
#13 Survivor: Cook Islands
78%
#17 Survivor: Gabon - Earths Last Eden
78%
#4 Survivor: Marquesas
78%
#10 Survivor: Palau
77%
#12 Survivor: Panama - Exile Island
77%
#19 Survivor: Samoa
77%
#6 Survivor: The Amazon
76%
#22 Survivor: Redemption Island
75%
#20 Survivor: Heroes vs. Villains
74%
#9 Survivor: Vanuatu - Isles of Fire
74%
#28 Survivor: Cagayan
73%
#11 Survivor: Guatemala - The Mayan Empire
72%
#21 Survivor: Nicaragua
72%
#24 Survivor: One World
71%
#18 Survivor: Tocantins - The Brazilian Highlands
70%
#34 Survivor: Game Changers
68%
#39 Survivor: Island of the Idols
68%
#36 Survivor: Ghost Island
67%
#37 Survivor: David vs. Goliath
65%
#30 Survivor: Worlds Apart
65%
#26 Survivor: Caramoan - Fans vs Favorites 2
64%
#25 Survivor: Philippines
64%
#29 Survivor: San Juan Del Sur
64%
#23 Survivor: South Pacific
64%
#38 Survivor: Edge of Extinction
58%
#35 Survivor: Heroes vs. Healers vs. Hustlers
57%
#33 Survivor: Millennials vs. Gen X
52%
#32 Survivor: Kaoh Rong
50%
#41 Survivor 41
46%
#40 Survivor: Winners at War
33%
No matching quizzes found
Score Distribution
Percent of People with Each Score
Percentile by Number Answered
Your Score History
You have not taken this quiz since the last reset